Stroud's judicial dictionary of words and phrases. (Record no. 106220)
[ view plain ]
| 000 -LEADER | |
|---|---|
| fixed length control field | 00790cam a2200265 4500 |
| 001 - CONTROL NUMBER | |
| control field | L135884 |
| 008 - FIXED-LENGTH DATA ELEMENTS--GENERAL INFORMATION | |
| fixed length control field | 000000n2006 000 0 eng u |
| 020 ## - INTERNATIONAL STANDARD BOOK NUMBER | |
| International Standard Book Number | 0421929707 |
| 022 ## - INTERNATIONAL STANDARD SERIAL NUMBER | |
| International Standard Serial Number | 9780421929708 |
| 035 ## - SYSTEM CONTROL NUMBER | |
| System control number | (Sirsi) u135884 |
| 041 0# - LANGUAGE CODE | |
| Language code of text/sound track or separate title | eng |
| 050 04 - LIBRARY OF CONGRESS CALL NUMBER | |
| Classification number | 340.03 $2 18 |
| 100 1# - MAIN ENTRY--PERSONAL NAME | |
| Personal name | Greenberg, Daniel |
| 245 00 - TITLE STATEMENT | |
| Title | Stroud's judicial dictionary of words and phrases. |
| 250 ## - EDITION STATEMENT | |
| Edition statement | 7th ed. |
| 260 ## - PUBLICATION, DISTRIBUTION, ETC. | |
| Place of publication, distribution, etc. | London |
| Name of publisher, distributor, etc. | Sweet & Maxwell |
| Date of publication, distribution, etc. | 2006 |
| 300 ## - PHYSICAL DESCRIPTION | |
| Extent | 3 vol. ; 25cm. |
| 350 ## - PRICE (NR) (BK AM CF MU VM SE) [OBSOLETE] | |
| Price | 495 |
| 520 ## - SUMMARY, ETC. | |
| Summary, etc. | A good source of commonwealth cases. Provides a tool for legal practitioners of all kinds and for members of related professions. |
| 520 ## - SUMMARY, ETC. | |
| Summary, etc. | Supersedes 6th edition (ISBN: 0421707208). |
| 650 ## - SUBJECT ADDED ENTRY--TOPICAL TERM | |
| Topical term or geographic name entry element | DEFINITIONS |
| 650 ## - SUBJECT ADDED ENTRY--TOPICAL TERM | |
| Topical term or geographic name entry element | DICTIONARIES |
| 690 ## - LOCAL SUBJECT ADDED ENTRY--TOPICAL TERM (OCLC, RLIN) | |
| Topical term or geographic name as entry element | LAW |
| 942 ## - ADDED ENTRY ELEMENTS (KOHA) | |
| Suppress in OPAC | 0 |
| Withdrawn status | Lost status | Source of classification or shelving scheme | Damaged status | Not for loan | Home library | Current library | Shelving location | Date acquired | Total Checkouts | Full call number | Barcode | Date last seen | Copy number | Price effective from | Koha item type |
|---|---|---|---|---|---|---|---|---|---|---|---|---|---|---|---|
| Dewey Decimal Classification | London | London | Books | 14/12/2006 | 340.03 GRE | 30073443 | 06/08/2019 | 1 | 06/08/2019 | Reference material | |||||
| Dewey Decimal Classification | London | London | Books | 23/04/2008 | 340.03 GRE | 30073444 | 06/08/2019 | 2 | 06/08/2019 | Reference material | |||||
| Dewey Decimal Classification | London | London | Books | 23/04/2008 | 340.03 GRE | 30073445 | 06/08/2019 | 3 | 06/08/2019 | Reference material |